MARC

LEADER 00000nam0a2200000 4500
001 287053
005 20231101235942.0
020 |a RU  |b 85-63672 
035 |a (RuTPU)RU\TPU\book\311423 
090 |a 287053 
100 |a 20150312d1985 m y0rusy5003 ca 
101 0 |a rus 
102 |a RU 
105 |a a z 001zy 
200 1 |a Стереофонический усилитель  |f В. М. Астахов 
210 |a Москва  |c Радио и связь  |d 1985 
215 |a 39 с.  |c ил. 
225 1 |a Массовая радиобиблиотека  |v Вып. 1091 
320 |a Библиогр.: с. 37 
606 |a Усилители низкой частоты, стереофонические  |2 stltpush  |3 (RuTPU)RU\TPU\subj\63311  |9 80340 
610 1 |a соединения 
610 1 |a схемы 
610 1 |a конструкции 
610 1 |a детали 
675 |a 621.375.029.4  |v 3 
700 1 |a Астахов  |b В. М.  |g Виктор Максимович 
801 0 |a RU  |b RuMRKP  |c 19950704  |g psbo 
801 1 |a RU  |b 63413507  |c 20150312 
801 2 |a RU  |b 63413507  |c 20171121  |g RCR 
942 |c BK